Nấm ăn: Cơ sở khoa học và công nghệ nuôi trồng

Uloženo v:
Podrobná bibliografie
Hlavní autor: Nguyễn Hữu Đống ... [et al.]
Médium: Kniha
Jazyk:Undetermined
Vydáno: H. Nông Nghiệp 2003
Témata:
Tagy: Přidat tag
Žádné tagy, Buďte první, kdo otaguje tento záznam!
Thư viện lưu trữ: Trung tâm Học liệu Trường Đại học Cần Thơ
LEADER 00563nam a2200181Ia 4500
001 CTU_57093
008 210402s9999 xx 000 0 und d
020 |b 16500 
082 |a 635.8 
082 |b N120 
100 |a Nguyễn Hữu Đống ... [et al.] 
245 0 |a Nấm ăn: Cơ sở khoa học và công nghệ nuôi trồng 
245 0 |c Nguyễn Hữu Đống ... [et al.] 
260 |a H. 
260 |b Nông Nghiệp 
260 |c 2003 
650 |a mushroom, edible 
980 |a Trung tâm Học liệu Trường Đại học Cần Thơ